Loghi famosi #4 - Statistics

Statistiche generali
  • Questo quiz è stato fatto 521 volte
  • Il punteggio medio è 11 su 20
Statistiche sulle risposte
marchio % Corretto
Facebook
99%
IKEA
97%
Red Bull
95%
Visa
95%
Levi Strauss
94%
Louis Vuitton
91%
Nintendo
88%
Air Jordan
86%
UPS
66%
Internet Explorer
64%
Snickers
60%
Fruit of the Loom
31%
ING
26%
John Deere
25%
NBC
20%
American Airlines
17%
Best Buy
14%
Arm & Hammer
2%
Gerber
2%
Cabbage Patch Kids
1%
Nessun quiz corrispondente trovato
Distribuzione punteggi
Percentuale di utenti per punteggio
Percentile per numero di risposta
I tuoi punteggi nel tempo
Non hai fatto questo quiz